000 00702nam a2200241Ia 4500
003 OSt
005 20220924122710.0
006 a|||||r|||| 00| 0
007 ta
008 220923b |||||||| |||| 00| 0 urd d
024 _a320608
037 _cTextual
040 _aARTS
_cARTS
_burd
041 _2urd
_aurd
082 _aQ6:g, 168L6
100 _aChalpi Matuli Yusuf Au.
_9190389
245 0 _aMaseehiyat
260 _aLucknow
_bMajlis tehqeeqat-o-nashriyat India
_c1976
650 _aCHRISTIANITY
_940559
700 _a Khan Shams Tabrez Tr.
_9190390
942 _hQ6:g, 168L6
_cTEXL
_2CC
999 _c412704
_d412704